| 000 | 00790cad a22002055a 4500 | ||
|---|---|---|---|
| 001 | L146380 | ||
| 008 | 090113s2008 xxk f 000 0 eng d | ||
| 035 | _a(Sirsi) u146380 | ||
| 041 | 0 | _aeng | |
| 050 | 0 | 4 | _a333.332 $2 18 |
| 110 | 2 |
_aRoyal Institution of Chartered Surveyors _94900 |
|
| 245 | 0 | 0 |
_aGN5 _bValuation uncertainty _h[electronic resource] |
| 260 |
_aLondon _bRICS _c2008 |
||
| 520 | _aProvides advice to Chartered Surveyors on valuation in times of market instability. Is part of RICS Red Book which covers valuation uncertainty. The guidance note lists market instability as one of the specific causes of valuation uncertainty. | ||
| 521 | _aAdvanced | ||
| 590 | _aKA NTK | ||
| 651 | 4 | _aInternational | |
| 690 | _aPROPERTY-PROPERTY APPRAISAL AND VALUATION | ||
| 942 | _n0 | ||
| 999 |
_c109149 _d109149 |
||